Живопись Ленинграда в период блокады (Запись № 9860561)

Подробности
000 -МАРКЕР
контрольное поле 01440nam0a2200349 4500
001 - ИДЕНТИФИКАТОР ЗАПИСИ
контрольное поле RU\NLR\BIBL_A\010729989
005 - ИДЕНТИФИКАТОР ВЕРСИИ
контрольное поле 20250614092120.0
010 ## - МЕЖДУНАРОДНЫЙ СТАНДАРТНЫЙ НОМЕР КНИГИ (ISBN)
Номер (ISBN) 978-5-00045-216-5
Тираж 100
021 ## - НОМЕР ГОСУДАРСТВЕННОЙ РЕГИСТРАЦИИ
Код страны Российская Федерация
Номер 2015-14707
Номер Листа государственной регистраци 895
035 ## - ДРУГИЕ СИСТЕМНЫЕ НОМЕРА
Идентификатор записи (NILC)RuMoRGB-007882487
035 ## - ДРУГИЕ СИСТЕМНЫЕ НОМЕРА
Идентификатор записи (NLR Aleph) 010729989
100 ## - ДАННЫЕ ОБЩЕЙ ОБРАБОТКИ
Данные общей обработки 20150415d2015 |||y0rusy50 ca
101 0# - ЯЗЫК РЕСУРСА
Язык текста, звукозаписи и т.д. русский
102 ## - СТРАНА ПУБЛИКАЦИИ ИЛИ ПРОИЗВОДСТВА
Страна публикации Российская Федерация
105 ## - ПОЛЕ КОДИРОВАННЫХ ДАННЫХ: ТЕКСТОВЫЕ МАТЕРИАЛЫ, МОНОГРАФИЧЕСКИЕ
Кодированные данные о монографическом текстовом документе y|||z||||10yy
200 1# - ЗАГЛАВИЕ И СВЕДЕНИЯ ОБ ОТВЕТСТВЕННОСТИ
Основное заглавие Живопись Ленинграда в период блокады
Сведения, относящиеся к заглавию 70-летию Великой Победы посвящается
Первые сведения об ответственности Р. А. Бахтияров
210 ## - ПУБЛИКАЦИЯ, РАСПРОСТРАНЕНИЕ И ДР.
Место издания, распространения и т.д. Санкт-Петербург
Имя издателя, распространителя и т. д. Астерион
Дата издания, распространения и т.д. 2015
215 ## - ФИЗИЧЕСКАЯ ХАРАКТЕРИСТИКА
Специфическое обозначение материала и объем 169 с.
Другие сведения о физической характеристике ил.
Размеры 21
320 ## - ПРИМЕЧАНИЯ О НАЛИЧИИ В ДОКУМЕНТЕ БИБЛИОГРАФИИ / УКАЗАТЕЛЯ
Текст примечания Библиогр.: с. 159-169 (158 назв.) и в подстроч. примеч.
601 02 - НАИМЕНОВАНИЕ ОРГАНИЗАЦИИ КАК ПРЕДМЕТ
Начальный элемент ввода Ленинградский союз художников
Хронологический подзаголовок 1941 - 1945
Системный номер авторитетной/нормативной записи 2228436
Идентификатор авторитетной/нормативной записи RU\NLR\AUTH\6601570343
606 1# - НАИМЕНОВАНИЕ ТЕМЫ КАК ПРЕДМЕТ
Наименование темы Живопись русская советская
Географический подзаголовок Ленинград, город
Хронологический подзаголовок 1941 - 1945
Системный номер авторитетной/нормативной записи 2228450
Идентификатор авторитетной/нормативной записи RU\NLR\AUTH\6601570349
686 1# - ИНДЕКСЫ ДРУГИХ КЛАССИФИКАЦИЙ
Индекс Щ103(2Р)7л5
686 1# - ИНДЕКСЫ ДРУГИХ КЛАССИФИКАЦИЙ
Индекс Щ143(2Р=Рус)7-692Ленинград
700 #1 - ИМЯ ЛИЦА - ПЕРВИЧНАЯ ОТВЕТСТВЕННОСТЬ
Начальный элемент ввода Бахтияров
Часть имени, кроме начального элемента ввода Р. А.
Расширение инициалов личного имени Руслан Анатольевич
801 #0 - ИСТОЧНИК ЗАПИСИ
Страна Российская Федерация
Организация РГБ
Дата составления 20150310
Правила каталогизации RCR
801 #1 - ИСТОЧНИК ЗАПИСИ
Страна Российская Федерация
Организация РГБ
Дата составления 20150310
Источник данных rusmarc
942 ## - ДОПОЛНИТЕЛЬНЫЕ ЭЛЕМЕНТЫ ЗАПИСИ (АБИС)
Тип экземпляра АБИС Книга
980 ## - КОЛЛЕКЦИЯ
Название коллекции НБР
980 ## - КОЛЛЕКЦИЯ
Название коллекции Национальная библиография
Экземпляры
Тип экземпляра Дата поступления Источник поступления Библиотека постоянного хранения Библиотека текущего хранения Место хранения Шифр хранения Штрих-код Статус экземпляра
Книга 15.04.2015 Обязательный экземпляр РНБ (Московский) РНБ (Московский) Русский книжный фонд: издания с 1957 года 2015-3/11556 1-934772  
Книга 15.04.2015 Обязательный экземпляр РНБ (Московский) РНБ (Московский) Русский книжный фонд: издания с 1957 года 2015-3/11556 1-934773